La testimonianza di Antal Ivancsics al processo per l'assassinio di Frate Giorgio Martinuzzi

Elmentve itt :
Bibliográfiai részletek
Szerzők: Németh Gizella
Papo Adriano
Testületi szerző: Conflict, change and cooperation in Southeastern Europe and in the middle East, 17th-20th centuries (2019) (Szeged)
Dokumentumtípus: Cikk
Megjelent: 2019
Sorozat:Mediterrán tanulmányok 28
Kulcsszavak:Büntetőper - Olaszország - 16. sz., Egyháztörténet - katolikus - Olaszország - 16. sz.
Tárgyszavak:
Online Access:http://acta.bibl.u-szeged.hu/69185
LEADER 00984nab a2200229 i 4500
001 acta69185
005 20230327145539.0
008 200609s2019 hu o 0|| ita d
022 |a 0238-8308 
040 |a SZTE Egyetemi Kiadványok Repozitórium  |b hun 
041 |a ita 
100 1 |a Németh Gizella 
245 1 3 |a La testimonianza di Antal Ivancsics al processo per l'assassinio di Frate Giorgio Martinuzzi  |h [elektronikus dokumentum] /  |c  Németh Gizella 
260 |c 2019 
300 |a 119-137 
490 0 |a Mediterrán tanulmányok  |v 28 
650 4 |a Bölcsészettudományok 
650 4 |a Történettudomány és régészet 
695 |a Büntetőper - Olaszország - 16. sz., Egyháztörténet - katolikus - Olaszország - 16. sz. 
700 0 1 |a Papo Adriano  |e aut 
710 |a Conflict, change and cooperation in Southeastern Europe and in the middle East, 17th-20th centuries (2019) (Szeged) 
856 4 0 |u http://acta.bibl.u-szeged.hu/69185/1/mediterran_028_119-137.pdf  |z Dokumentum-elérés